| 000 | 00455nam a22001697a 4500 | ||
|---|---|---|---|
| 005 | 20250305215446.0 | ||
| 008 | 250305b |||||||| |||| 00| 0 eng d | ||
| 020 | _a9780421485907 | ||
| 050 | _aKF801 | ||
| 100 | _aSmith, John C. | ||
| 245 |
_aThe Law of Contract / _cSmith, John C. |
||
| 250 | _a2nd ed. | ||
| 260 |
_aLondon _bSweet & Maxwell _cc1993 |
||
| 300 | _axix, 264 p, ; | ||
| 500 | _aContains Table of Statutes and index | ||
| 942 |
_2lcc _cBK _n0 |
||
| 999 |
_c4535 _d4535 |
||